[Event "Hastings Chess Congress"]
[Site "Hastings ENG"]
[Date "2006.01.05"]
[EventDate "2005.12.28"]
[Round "9"]
[Result "1-0"]
[White "Milos Pavlovic"]
[Black "Stefan Kristjansson"]
[WhiteElo "2507"]
[BlackElo "2467"]
[PlyCount "71"]

1. e4 c5 2. Nf3 d6 3. d4 cxd4 4. Nxd4 Nf6 5. Nc3 g6 6. g3 Nc6
7. Nde2 h5 8. h3 Bg7 9. Bg2 Bd7 10. b3 Qa5 11. Bd2 Rc8 12. a4
Qc5 13. a5 Nd4 14. Ra2 h4 15. Be3 Nxe2 16. Nxe2 Qc7 17. g4 Bc6
18. Qd3 a6 19. c4 Nd7 20. O-O Nc5 21. Qb1 O-O 22. Rd2 Ne6
23. Bb6 Qd7 24. f4 f5 25. gxf5 gxf5 26. exf5 Nc5 27. Bxc6 Qxc6
28. Rd5 Qe8 29. Rf2 Nd7 30. Rg2 Nxb6 31. axb6 Qd8 32. Kh1 Qxb6
33. Qe4 Rf7 34. Nd4 Rc5 35. f6 Rxf6 36. Qxe7 1-0

[Event "Hastings Chess Congress"]
[Site "Hastings ENG"]
[Date "2006.01.05"]
[EventDate "2005.12.28"]
[Round "9"]
[Result "1-0"]
[White "Mark Hebden"]
[Black "Adam G Ashton"]
[WhiteElo "2514"]
[BlackElo "2331"]
[PlyCount "107"]

1. d4 d5 2. Nf3 Nf6 3. c4 e6 4. Bg5 h6 5. Bxf6 Qxf6 6. Nc3 c6
7. e3 Nd7 8. Rc1 g6 9. Bd3 dxc4 10. Bxc4 Bg7 11. O-O O-O
12. Qc2 Kh7 13. Bb3 Qe7 14. Rfd1 e5 15. d5 Nb6 16. d6 Qe8
17. Ne4 Bf5 18. Nfd2 Nd7 19. Qc4 Be6 20. Qb4 f5 21. Nc5 Nxc5
22. Qxc5 Qd7 23. Bxe6 Qxe6 24. Nb3 Rfd8 25. Qb4 Qf7 26. e4
Rac8 27. Na5 Rd7 28. Nc4 b6 29. a4 Qe6 30. Rc3 Rcd8 31. Re3 f4
32. Red3 Bf8 33. b3 h5 34. h4 Bg7 35. Nd2 Bf6 36. Nf3 Kh6
37. Kf1 Kg7 38. a5 bxa5 39. Qc5 Rb8 40. Qxc6 Rb6 41. Qc8 Kh6
42. Ng5 Qg4 43. f3 Qxh4 44. Qxd7 Qxg5 45. Qxa7 Rc6 46. d7 Bd8
47. Qf2 Qf6 48. Rd5 Rb6 49. Rxa5 Rxb3 50. Ra8 Rb7 51. Qc5 Rb2
52. Rxd8 Qxd8 53. Qc8 Rb8 54. Qxb8 1-0

[Event "Hastings Chess Congress"]
[Site "Hastings ENG"]
[Date "2006.01.05"]
[EventDate "2005.12.28"]
[Round "9"]
[Result "1-0"]
[White "Colin A McNab"]
[Black "Jan Rode Pedersen"]
[WhiteElo "2456"]
[BlackElo "2238"]
[PlyCount "65"]

1. c4 e5 2. Nc3 Nc6 3. Nf3 g6 4. d4 exd4 5. Nxd4 Bg7 6. Nxc6
bxc6 7. g3 Ne7 8. Bg2 O-O 9. O-O Re8 10. Bf4 d6 11. c5 d5
12. Qd2 Rb8 13. Rad1 Ba6 14. Rfe1 Qc8 15. e3 h6 16. h4 Rb4
17. b3 Rb8 18. Kh2 Kh7 19. Ne2 Bxe2 20. Rxe2 f5 21. f3 Rb5
22. Qc2 Ng8 23. e4 Nf6 24. exf5 Qxf5 25. Qxf5 gxf5 26. Rxe8
Nxe8 27. Bh3 Kg6 28. h5+ Kf7 29. Bxf5 Rxc5 30. Bg6+ Kf8
31. Re1 Nf6 32. Bxc7 Rc3 33. Ba5 1-0

[Event "Hastings Chess Congress"]
[Site "Hastings ENG"]
[Date "2006.01.05"]
[EventDate "2005.12.28"]
[Round "9"]
[Result "0-1"]
[White "Wolfram Schoen"]
[Black "Ian D Thompson"]
[WhiteElo "2415"]
[BlackElo "2295"]
[PlyCount "44"]

1. e4 e6 2. d3 d5 3. Nd2 Nf6 4. Ngf3 c5 5. c3 Nc6 6. Be2 Qc7
7. Qc2 Be7 8. Nf1 Bd7 9. Ng3 h6 10. O-O g5 11. exd5 Nxd5
12. a3 f5 13. Ne1 O-O-O 14. b4 h5 15. b5 Ne5 16. d4 Ng4 17. h3
h4 18. hxg4 hxg3 19. gxf5 exf5 20. Bf3 Be6 21. c4 Bf6 22. Bb2
Rh1+ 0-1

[Event "Hastings Chess Congress"]
[Site "Hastings ENG"]
[Date "2006.01.05"]
[EventDate "2005.12.28"]
[Round "9"]
[Result "1/2-1/2"]
[White "Vladimir Prosviriakov"]
[Black "Snorri Bergsson"]
[WhiteElo "2387"]
[BlackElo "2266"]
[PlyCount "23"]

1. Nf3 d5 2. e3 c6 3. c4 e6 4. b3 Nf6 5. Bb2 Nbd7 6. Nc3 Be7
7. d4 Qa5 8. Qd2 Ba3 9. Bxa3 Qxa3 10. Bd3 Qe7 11. O-O O-O
12. Rad1 1/2-1/2

[Event "Hastings Chess Congress"]
[Site "Hastings ENG"]
[Date "2006.01.05"]
[EventDate "2005.12.28"]
[Round "9"]
[Result "1-0"]
[White "Jovanka Houska"]
[Black "Baptiste Le Bailly"]
[WhiteElo "2351"]
[BlackElo "2106"]
[PlyCount "53"]

1. e4 e5 2. Nf3 Nc6 3. Bb5 f5 4. d3 Nf6 5. Nc3 Bb4 6. O-O Bxc3
7. bxc3 O-O 8. exf5 d6 9. Nh4 Ne7 10. Qf3 Nfd5 11. Bc4 Kh8
12. Bg5 c6 13. d4 Qa5 14. dxe5 dxe5 15. Rae1 Qc5 16. Bxd5 Nxd5
17. Rxe5 Qxc3 18. Qxc3 Nxc3 19. Bd2 Nd5 20. c4 Nf6 21. Bb4 Nd7
22. Re7 c5 23. Bc3 Nf6 24. g4 b6 25. Rd1 Ba6 26. g5 Nh5
27. Rdd7 1-0

[Event "Hastings Chess Congress"]
[Site "Hastings ENG"]
[Date "2006.01.05"]
[EventDate "2005.12.28"]
[Round "9"]
[Result "1/2-1/2"]
[White "Jon Viktor Gunnarsson"]
[Black "Bernard Cafferty"]
[WhiteElo "2411"]
[BlackElo "2207"]
[PlyCount "104"]

1. e4 Nf6 2. e5 Nd5 3. d4 d6 4. c4 Nb6 5. exd6 exd6 6. Nc3 Be7
7. Bd3 Nc6 8. Nge2 Bg4 9. Be3 O-O 10. b3 Bh5 11. Qd2 Bg6
12. Bxg6 fxg6 13. d5 Ne5 14. Nd4 Qd7 15. h3 c6 16. O-O Rfe8
17. Ne6 Bf6 18. Bxb6 axb6 19. Rae1 b5 20. cxb5 cxd5 21. Nd4
Qf7 22. Nc2 Rec8 23. Na4 Nc4 24. Qd3 Nb2 25. Nxb2 Rxa2 26. Nb4
Rxb2 27. Nxd5 Be5 28. Kh1 Rcc2 29. Rc1 Rxc1 30. Rxc1 h5
31. Rf1 Kh7 32. f4 Bf6 33. f5 Be5 34. b4 Ra2 35. g4 Rh2+
36. Kg1 hxg4 37. hxg4 gxf5 38. Rxf5 Qg6 39. Qf3 Rh4 40. g5 Qh5
41. Qxh5+ Rxh5 42. Kf2 Rh4 43. Ke3 Rd4 44. Ne7 Rxb4 45. Rf1 g6
46. Rf7+ Bg7 47. Nd5 Rxb5 48. Ke4 Kg8 49. Rd7 Be5 50. Rd8+ Kf7
51. Rd7+ Kf8 52. Rd8+ Kf7 1/2-1/2

[Event "Hastings Chess Congress"]
[Site "Hastings ENG"]
[Date "2006.01.05"]
[EventDate "2005.12.28"]
[Round "9"]
[Result "1/2-1/2"]
[White "John N Sugden"]
[Black "Ian Snape"]
[WhiteElo "2160"]
[BlackElo "2258"]
[PlyCount "70"]

1. e4 c5 2. Nc3 g6 3. f4 Bg7 4. Nf3 Nc6 5. Bb5 Nd4 6. a4 Nh6
7. O-O O-O 8. d3 e6 9. e5 d5 10. exd6 Nhf5 11. Bc4 Nxd6
12. Ba2 b6 13. Ne2 Bb7 14. Nexd4 cxd4 15. Qe2 Rc8 16. Ne1 Qd7
17. Bb3 Nf5 18. Bc4 a6 19. Bd2 b5 20. axb5 axb5 21. Bb3 Bd5
22. Bxd5 exd5 23. Qf3 Rfe8 24. Rf2 Bf8 25. Re2 Rxe2 26. Qxe2
Ne3 27. Bxe3 Re8 28. Nf3 Rxe3 29. Qf2 Bc5 30. c3 dxc3 31. d4
cxb2 32. Rb1 Rxf3 33. gxf3 Ba3 34. Qe3 b4 35. Re1 Qc6 1/2-1/2

[Event "Hastings Chess Congress"]
[Site "Hastings ENG"]
[Date "2006.01.05"]
[EventDate "2005.12.28"]
[Round "9"]
[Result "1/2-1/2"]
[White "Christopher Briscoe"]
[Black "Gunnar Johnsen"]
[WhiteElo "2151"]
[BlackElo "2231"]
[PlyCount "40"]

1. e4 e6 2. d4 d5 3. Nd2 c5 4. exd5 exd5 5. Ngf3 Nc6 6. Bb5
Bd6 7. dxc5 Bxc5 8. O-O Nge7 9. Nb3 Bd6 10. Be3 O-O 11. a4 Bg4
12. Bc5 Bxc5 13. Nxc5 Qb6 14. Nb3 Rad8 15. Re1 Nf5 16. Bd3
Rfe8 17. h3 Rxe1+ 18. Qxe1 Bxf3 19. Bxf5 Bh5 20. Qc3 Bg6
1/2-1/2

[Event "Hastings Chess Congress"]
[Site "Hastings ENG"]
[Date "2006.01.05"]
[EventDate "2005.12.28"]
[Round "9"]
[Result "1-0"]
[White "Francis Rayner"]
[Black "Timothy Spanton"]
[WhiteElo "2212"]
[BlackElo "2018"]
[PlyCount "75"]

1. e4 c5 2. Nf3 g6 3. c4 Nc6 4. d4 cxd4 5. Nxd4 Nf6 6. Nc3 d6
7. Nb3 Bg7 8. Be2 O-O 9. Be3 Na5 10. Nd4 Nc6 11. Nc2 Be6
12. O-O Qa5 13. f3 Rfc8 14. Qd2 a6 15. Rac1 Ne5 16. b3 b5
17. Nd5 Qxd2 18. Bxd2 Nxd5 19. cxd5 Bd7 20. h3 f5 21. f4 Nf7
22. Bd3 Nh6 23. e5 Rc5 24. Nb4 Be8 25. Be3 Rxc1 26. Rxc1 dxe5
27. fxe5 Nf7 28. e6 Nd6 29. Rc7 Bf6 30. Bc5 a5 31. Nc6 Bxc6
32. dxc6 Kf8 33. Rd7 Rc8 34. c7 Ne8 35. Bb6 Be5 36. Rd8 Rxc7
37. Bxc7 Bxc7 38. Rc8 1-0

[Event "Hastings Chess Congress"]
[Site "Hastings ENG"]
[Date "2006.01.05"]
[EventDate "2005.12.28"]
[Round "9"]
[Result "0-1"]
[White "Peter Husted"]
[Black "Martin P Burrows"]
[WhiteElo "2127"]
[BlackElo "2200"]
[PlyCount "120"]

1. e4 c5 2. Nf3 d6 3. Bb5+ Nd7 4. c3 Ngf6 5. Qe2 a6 6. Ba4 e5
7. O-O Be7 8. d4 b5 9. Bc2 Bb7 10. dxe5 dxe5 11. Rd1 Qc7
12. Nbd2 Qc6 13. Re1 O-O 14. Nf1 Rfe8 15. Ng3 g6 16. a4 Bf8
17. Rd1 c4 18. Bg5 h6 19. Bxf6 Nxf6 20. axb5 axb5 21. Rxa8
Bxa8 22. h3 Bb7 23. Ra1 Nd7 24. Nh2 Nc5 25. Nf3 Bg7 26. Ne1
Rd8 27. f3 Ne6 28. Rd1 Rxd1 29. Qxd1 Bf8 30. Kh2 Bc5 31. b4
Ba7 32. f4 exf4 33. Ne2 Bb8 34. Nf3 Qd6 35. Qe1 Kg7 36. Ned4
Qd7 37. Kh1 Ng5 38. Nxg5 hxg5 39. Bd1 Qe8 40. Bf3 f5 41. e5
Bxf3 42. gxf3 Bxe5 43. Kg2 Kf7 44. Nc2 Bf6 45. Qd2 Qe6 46. Kf2
Ke7 47. Kf1 Qd6 48. Ke2 Qe5+ 49. Kd1 Qxc3 50. Qd5 Qd3+
51. Qxd3 cxd3 52. Ne1 Ke6 53. Kd2 Kd5 54. Kxd3 Be7 55. Nc2 g4
56. hxg4 fxg4 57. fxg4 f3 58. Na3 Bxb4 59. Nxb5 Bc5 60. Kd2
Ke5 0-1

[Event "Hastings Chess Congress"]
[Site "Hastings ENG"]
[Date "2006.01.06"]
[EventDate "2005.12.28"]
[Round "10"]
[Result "1/2-1/2"]
[White "Piotr Bobras"]
[Black "Simon Kim Williams"]
[WhiteElo "2563"]
[BlackElo "2452"]
[PlyCount "41"]

1. e4 c5 2. Nf3 d6 3. d4 cxd4 4. Nxd4 Nf6 5. Nc3 g6 6. h3 Bg7
7. Bc4 Nc6 8. O-O O-O 9. Re1 Bd7 10. Bg5 h6 11. Be3 Rc8
12. Bb3 Na5 13. Qd3 a6 14. Nd5 Nxd5 15. exd5 b5 16. Rad1 Nc4
17. Bc1 Rc5 18. Qe4 Re8 19. Ne6 Bxe6 20. dxe6 f5 21. Qh4
1/2-1/2

[Event "Hastings Chess Congress"]
[Site "Hastings ENG"]
[Date "2006.01.06"]
[EventDate "2005.12.28"]
[Round "10"]
[Result "1-0"]
[White "Watu Kobese"]
[Black "Stephen Gordon"]
[WhiteElo "2400"]
[BlackElo "2411"]
[PlyCount "125"]

1. e4 c5 2. Nf3 d6 3. d4 cxd4 4. Nxd4 Nf6 5. Nc3 a6 6. Bc4 e6
7. Bb3 Nbd7 8. f4 Nc5 9. O-O Be7 10. e5 dxe5 11. fxe5 Nfd7
12. Qh5 Nf6 13. Qd1 Nfd7 14. Qh5 Nf6 15. exf6 Qxd4+ 16. Kh1
gxf6 17. Bf4 Nxb3 18. axb3 Bd7 19. Rae1 Qc5 20. Qh6 O-O-O
21. Ne4 Qd5 22. Nxf6 Bxf6 23. Qxf6 Bc6 24. Rf2 Qf5 25. Be5
Qxf6 26. Bxf6 Rhg8 27. Bxd8 Kxd8 28. Re5 Ke7 29. Rfe2 Rg6
30. Kg1 f5 31. Rxf5 Bxg2 32. Kf2 Bh3 33. Rc5 Kd6 34. Rc3 Bf5
35. Rd2+ Ke5 36. Rc5+ Kf4 37. Rc4+ Ke5 38. Re2+ Kd6 39. Rd4+
Ke7 40. Red2 Kf6 41. Rd7 Rh6 42. Ke1 Be4 43. Rf2+ Ke5 44. Re2
Kf5 45. Rf7+ Kg6 46. Rf8 Kg7 47. Rf4 Bd5 48. Ref2 Rg6 49. Rf7+
Kh6 50. R2f6 Kg5 51. Rxg6+ Kxg6 52. Rf8 Be4 53. c4 Kg7 54. Rf2
Bf5 55. Kd2 Kf6 56. Ke3 Ke7 57. Rd2 Bg6 58. b4 Bf7 59. Ke4
Bg6+ 60. Ke5 Bf5 61. Rd6 Bh3 62. Rb6 Bg2 63. Rxe6+ 1-0

[Event "Hastings Chess Congress"]
[Site "Hastings ENG"]
[Date "2006.01.06"]
[EventDate "2005.12.28"]
[Round "10"]
[Result "0-1"]
[White "Jack Rudd"]
[Black "Jean-Pierre Le Roux"]
[WhiteElo "2281"]
[BlackElo "2497"]
[PlyCount "114"]

1. e4 c6 2. d3 d5 3. Nd2 e5 4. Ngf3 Bd6 5. d4 exd4 6. exd5
cxd5 7. Nxd4 Nc6 8. N2f3 Nf6 9. Be2 h6 10. O-O O-O 11. b3 Bg4
12. Bb2 Re8 13. Nxc6 bxc6 14. h3 Bh5 15. c4 Bc7 16. cxd5 Qd6
17. g4 Bxg4 18. hxg4 Qf4 19. Kh1 Rad8 20. Bxf6 Rxd5 21. Qc2
Qxg4 22. Nh2 Qf4 23. Ng4 Re3 24. Rg1 Rh3+ 25. Kg2 Rh2+ 26. Kf1
Bb6 27. Bh4 Rxh4 28. Rd1 Rh2 29. Rxd5 Rxf2+ 30. Ke1 cxd5
31. Qc8+ Kh7 32. Qc2+ g6 33. Qc3 Bd4 34. Qd2 Qxd2+ 35. Kxd2
Rxe2+ 36. Kxe2 Bxg1 37. Nf6+ Kg7 38. Nxd5 f5 39. b4 Kf7 40. a4
g5 41. b5 Ke6 42. Nb4 h5 43. a5 Kd6 44. Kf3 h4 45. Kg2 Bc5
46. Nd3 Bd4 47. Kh3 Be3 48. Nb4 g4+ 49. Kh2 f4 50. Nd3 f3
51. Nb2 Kd5 52. Nd1 Bd4 53. b6 axb6 54. axb6 Kc6 55. b7 Kxb7
56. Kh1 g3 57. Ne3 h3 0-1

[Event "Hastings Chess Congress"]
[Site "Hastings ENG"]
[Date "2006.01.06"]
[EventDate "2005.12.28"]
[Round "10"]
[Result "1-0"]
[White "Bogdan Lalic"]
[Black "Nicholas Tavoularis"]
[WhiteElo "2490"]
[BlackElo "2211"]
[PlyCount "69"]

1. d4 f5 2. Nc3 Nf6 3. Bg5 d5 4. f3 Nc6 5. Qd2 Be6 6. O-O-O
Bf7 7. e4 Qd7 8. exf5 Qxf5 9. Bb5 Qd7 10. f4 e6 11. Nf3 Bb4
12. Ne5 Qd6 13. Bxf6 gxf6 14. Bxc6+ bxc6 15. Nd3 a5 16. f5 O-O
17. fxe6 Bg6 18. Rde1 Rae8 19. a3 Bxc3 20. Qxc3 Bxd3 21. Qxd3
Rxe6 22. Rxe6 Qxe6 23. Qg3+ Kh8 24. Qxc7 Qe3+ 25. Kb1 Qxd4
26. Qxc6 Rb8 27. b3 Qe5 28. Rd1 d4 29. Qd7 Qxh2 30. Qxd4 Qxg2
31. Qxf6+ Qg7 32. Rd8+ Rxd8 33. Qxd8+ Qg8 34. Qxg8+ Kxg8
35. Kc1 1-0

[Event "Hastings Chess Congress"]
[Site "Hastings ENG"]
[Date "2006.01.06"]
[EventDate "2005.12.28"]
[Round "10"]
[Result "0-1"]
[White "Snorri Bergsson"]
[Black "Petr Marusenko"]
[WhiteElo "2266"]
[BlackElo "2342"]
[PlyCount "87"]

1. e4 c6 2. d4 d5 3. Nc3 dxe4 4. Nxe4 Bf5 5. Ng3 Bg6 6. h4 h6
7. Nf3 Nd7 8. h5 Bh7 9. Bd3 Bxd3 10. Qxd3 e6 11. Bf4 Bb4+
12. c3 Be7 13. O-O-O Ngf6 14. Kb1 O-O 15. Ne4 Nxe4 16. Qxe4
Nf6 17. Qc2 Qd5 18. Rde1 c5 19. c4 Qd8 20. dxc5 Bxc5 21. Rd1
Qb6 22. Ne5 Bxf2 23. Rd3 Rad8 24. Rb3 Qd4 25. Rf3 Bg1 26. g3
a6 27. Rf1 Be3 28. Rd1 Qb6 29. Qe2 Rxd1+ 30. Rxd1 Bxf4
31. gxf4 Rd8 32. a3 Rd4 33. c5 Qxc5 34. Rc1 Qe7 35. Qf2 Rd8
36. Qf3 Nd5 37. Rg1 Qf6 38. Qg3 Nxf4 39. Ng4 Qg5 40. Qe3 Rd5
41. Ka1 Kh8 42. Nh2 Qe5 43. Qc1 Nd3 44. Qc8+ 0-1

[Event "Hastings Chess Congress"]
[Site "Hastings ENG"]
[Date "2006.01.06"]
[EventDate "2005.12.28"]
[Round "10"]
[Result "1/2-1/2"]
[White "Alexander Khantuev"]
[Black "Francis Rayner"]
[WhiteElo "2302"]
[BlackElo "2212"]
[PlyCount "176"]

1. d4 Nf6 2. c4 e6 3. Nf3 Bb4+ 4. Bd2 Qe7 5. g3 Nc6 6. Bg2
Bxd2+ 7. Nbxd2 d6 8. Nf1 e5 9. Ne3 e4 10. Ng5 O-O 11. Nh3 d5
12. cxd5 Qb4+ 13. Qd2 Qxd2+ 14. Kxd2 Nxd4 15. Rhc1 Nb5 16. Ng5
Rd8 17. Nxe4 Nxd5 18. Nxd5 Rxd5+ 19. Ke1 c6 20. a4 Nd4 21. Rc3
Bf5 22. Nc5 Re5 23. e4 b6 24. Nd3 Re7 25. f3 Rd8 26. Kf2 Be6
27. b4 f6 28. Bf1 Red7 29. Ke3 Bb3 30. Ne1 Kf8 31. a5 Be6
32. axb6 axb6 33. Ra6 Rb8 34. Nd3 Rd6 35. Nb2 Nb5 36. Bxb5
cxb5 37. Rc7 Rbd8 38. Rc3 g5 39. Rd3 Bc4 40. Rxd6 Rxd6 41. Ra7
Bf7 42. Rc7 Kg8 43. f4 gxf4+ 44. gxf4 Re6 45. f5 Rd6 46. Nd3
Bc4 47. Nf4 Bf7 48. h4 h5 49. Ne2 Rd1 50. Nd4 Bc4 51. Nc6 Re1+
52. Kf3 Rf1+ 53. Ke3 Re1+ 54. Kd4 Rd1+ 55. Kc3 Rd3+ 56. Kc2
Re3 57. Re7 Kf8 58. e5 fxe5 59. Rh7 Bd3+ 60. Kd2 Bxf5 61. Rh8+
Kg7 62. Kxe3 Kxh8 63. Nxe5 Kg7 64. Kf4 Kf6 65. Nc6 Bd3 66. Ne5
Bf5 67. Nf3 Bd3 68. Nd4 Bc4 69. Nc2 Bd3 70. Ne3 Ke6 71. Kg5
Be2 72. Ng2 Ke5 73. Nf4 Bd1 74. Nxh5 Kd4 75. Nf6 Kc4 76. Ng4
Kxb4 77. h5 Ka3 78. h6 Bc2 79. Ne3 Bh7 80. Kf6 b4 81. Nc4+ Ka2
82. Nxb6 b3 83. Nc4 Bd3 84. Nd2 b2 85. Ke5 Ka3 86. Kd4 Bh7
87. Nc4+ Ka2 88. Nxb2 Kxb2 1/2-1/2

[Event "Hastings Chess Congress"]
[Site "Hastings ENG"]
[Date "2006.01.06"]
[EventDate "2005.12.28"]
[Round "10"]
[Result "1/2-1/2"]
[White "Alan Grant Kerr"]
[Black "Li Wu"]
[WhiteElo "2152"]
[BlackElo "2287"]
[PlyCount "20"]

1. c4 g6 2. g3 Bg7 3. Bg2 d6 4. Nc3 Nc6 5. d3 e5 6. Nf3 Nf6
7. O-O O-O 8. Rb1 a5 9. a3 Nd4 10. Nxd4 exd4 1/2-1/2

[Event "Hastings Chess Congress"]
[Site "Hastings ENG"]
[Date "2006.01.06"]
[EventDate "2005.12.28"]
[Round "10"]
[Result "0-1"]
[White "James C Mansson"]
[Black "Ian Snape"]
[WhiteElo "2114"]
[BlackElo "2258"]
[PlyCount "68"]

1. Nf3 Nf6 2. c4 g6 3. Nc3 Bg7 4. e4 d6 5. d4 O-O 6. Be2 e5
7. O-O Nc6 8. d5 Ne7 9. b4 Nh5 10. Re1 f5 11. Ng5 Nf6 12. Bf3
c6 13. Bb2 cxd5 14. cxd5 h6 15. Ne6 Bxe6 16. dxe6 fxe4
17. Nxe4 Nxe4 18. Rxe4 Qb6 19. Re2 Rf4 20. Rd2 d5 21. Rxd5
Nxd5 22. Qxd5 Rd8 23. e7+ Rxd5 24. e8=Q+ Kh7 25. Rf1 Rd8
26. Qe7 Qd6 27. Qxb7 Rxb4 28. Bxe5 Rxb7 29. Bxd6 Rb2 30. Bc5
Rxa2 31. Be7 Rd7 32. Bh4 Ra1 33. Rxa1 Bxa1 34. Bg3 Re7 0-1

[Event "Hastings Chess Congress"]
[Site "Hastings ENG"]
[Date "2006.01.06"]
[EventDate "2005.12.28"]
[Round "10"]
[Result "0-1"]
[White "Claus Norregaard"]
[Black "Donny Muter"]
[WhiteElo "2205"]
[BlackElo "2085"]
[PlyCount "60"]

1. d4 Nf6 2. c4 c5 3. e3 g6 4. Nf3 Bg7 5. Nc3 cxd4 6. exd4 O-O
7. Be2 d5 8. O-O b6 9. Be3 Bb7 10. Qd2 dxc4 11. Ne5 Nbd7
12. Bxc4 Rc8 13. Qe2 Qc7 14. Nb5 Qb8 15. Bf4 Nh5 16. Nxd7 Qxf4
17. Nxf8 Rxc4 18. Qxc4 Bxg2 19. Nd7 h6 20. Rac1 Bf3 21. Qc7
Qg5+ 22. Qg3 Nxg3 23. Rc8+ Kh7 24. fxg3 Qxb5 25. Nf8+ Bxf8
26. Rxf8 Bd5 27. Rd8 Kg7 28. b3 Bb7 29. Re1 Qc6 30. d5 Qc5+
0-1

[Event "Hastings Chess Congress"]
[Site "Hastings ENG"]
[Date "2006.01.06"]
[EventDate "2005.12.28"]
[Round "10"]
[Result "1/2-1/2"]
[White "Jovanka Houska"]
[Black "Erik Zude"]
[WhiteElo "2351"]
[BlackElo "2426"]
[PlyCount "126"]

1. e4 c5 2. Nf3 d6 3. d4 cxd4 4. Nxd4 Nf6 5. Bd3 Nc6 6. Nxc6
bxc6 7. c4 g6 8. b3 Bg7 9. Bb2 Qa5+ 10. Nd2 O-O 11. O-O Qb6
12. Qc2 Rd8 13. e5 dxe5 14. Bxe5 Ne4 15. Bxg7 Nxd2 16. Qxd2
Kxg7 17. Qc3+ Qd4 18. Rac1 Qxc3 19. Rxc3 Be6 20. Be4 Rac8
21. f4 Bf5 22. Bxf5 gxf5 23. Re1 e6 24. Re2 Rd4 25. g3 h5
26. Rce3 a5 27. Re5 c5 28. Rc2 a4 29. bxa4 Rd3 30. Rb2 Ra3
31. Kg2 Rxa4 32. Rc2 Kf6 33. Kh3 h4 34. gxh4 Ra3+ 35. Kg2 Rg8+
36. Kf1 Rf3+ 37. Rf2 Rxf4 38. Rxc5 Rxh4 39. a4 Rhg4 40. Ke1
Re4+ 41. Kf1 Reg4 42. Ke1 e5 43. a5 Rg1+ 44. Rf1 f4 45. a6 f3
46. Rxg1 Rxg1+ 47. Kf2 Ra1 48. Kxf3 Kf5 49. Rc7 Ra3+ 50. Ke2
Ke4 51. Rxf7 Ra2+ 52. Kf1 Rxa6 53. Rh7 Ke3 54. Rh3+ Kd2
55. Rh4 Rf6+ 56. Kg2 Kd3 57. Rh3+ Kxc4 58. Ra3 e4 59. h4 Kd4
60. h5 Rf5 61. h6 e3 62. Ra4+ Kd3 63. Ra3+ Kd4 1/2-1/2

[Event "Hastings Chess Congress"]
[Site "Hastings ENG"]
[Date "2006.01.06"]
[EventDate "2005.12.28"]
[Round "10"]
[Result "1/2-1/2"]
[White "Gurpreet Pal Singh"]
[Black "Helgi Dam Ziska"]
[WhiteElo "2286"]
[BlackElo "2251"]
[PlyCount "37"]

1. e4 c5 2. Nc3 Nc6 3. Nge2 e5 4. Nd5 Nge7 5. Nec3 Nxd5
6. Nxd5 Be7 7. Bc4 O-O 8. d3 d6 9. O-O Be6 10. f4 exf4
11. Bxf4 Bg5 12. Qh5 h6 13. Bxg5 Qxg5 14. Qxg5 hxg5 15. Rf2
Rac8 16. Raf1 Rfe8 17. Ne3 f6 18. Bd5 Bxd5 19. Nxd5 1/2-1/2

[Event "Hastings Chess Congress"]
[Site "Hastings ENG"]
[Date "2006.01.06"]
[EventDate "2005.12.28"]
[Round "10"]
[Result "1-0"]
[White "Sergey Erenburg"]
[Black "Milos Pavlovic"]
[WhiteElo "2582"]
[BlackElo "2507"]
[PlyCount "109"]

1. e4 c5 2. Nf3 d6 3. d4 cxd4 4. Nxd4 Nf6 5. Nc3 e6 6. Be3 a6
7. f3 Nc6 8. g4 Be7 9. Qd2 O-O 10. O-O-O Nd7 11. h4 Nde5
12. Qf2 Bd7 13. Kb1 b5 14. Nb3 Rb8 15. Bg5 Qc7 16. Bxe7 Nxe7
17. h5 f6 18. Bd3 a5 19. Nd4 Qc5 20. Qg1 a4 21. Nce2 Nc4
22. Nf5 Qxg1 23. Nxe7+ Kf7 24. Rhxg1 Kxe7 25. Bxc4 bxc4 26. a3
Rb6 27. c3 Rc8 28. Nd4 Rcb8 29. Rd2 Be8 30. Re1 Bf7 31. f4 g6
32. hxg6 hxg6 33. e5 fxe5 34. fxe5 Rh8 35. g5 Be8 36. Rf2 Rh5
37. Rfe2 Bd7 38. Nf3 d5 39. Rh2 Rb8 40. Rxh5 gxh5 41. Nh4 Rg8
42. Rg1 Be8 43. Kc1 Bg6 44. Kd2 Bf5 45. Nxf5+ exf5 46. Ke3 h4
47. Kf4 Ke6 48. g6 h3 49. Kg5 f4 50. Kxf4 Rf8+ 51. Kg3 Rh8
52. Kh2 Kxe5 53. g7 Rg8 54. Kxh3 Kf6 55. Kh4 1-0

[Event "Hastings Chess Congress"]
[Site "Hastings ENG"]
[Date "2006.01.06"]
[EventDate "2005.12.28"]
[Round "10"]
[Result "0-1"]
[White "Stefan Kristjansson"]
[Black "Vincent Colin"]
[WhiteElo "2467"]
[BlackElo "2375"]
[PlyCount "60"]

1. e4 c5 2. c3 g6 3. d4 cxd4 4. cxd4 d5 5. exd5 Nf6 6. Bb5+
Nbd7 7. Nc3 Bg7 8. d6 O-O 9. dxe7 Qxe7+ 10. Nge2 a6 11. Bd3 b5
12. O-O Bb7 13. Re1 Rfe8 14. Bf4 b4 15. Na4 Qe6 16. Rc1 Nh5
17. Bc4 Qg4 18. Bg3 Bh6 19. Bxf7+ Kxf7 20. Rc7 Nxg3 21. hxg3
Qe4 22. Rxd7+ Kg8 23. d5 Bc8 24. Nc5 Qe5 25. Nd3 Qb8 26. Qa4
Bxd7 27. Qxd7 Bd2 28. Rd1 Rxe2 29. Qg4 Qe8 30. d6 Rd8 0-1

[Event "Hastings Chess Congress"]
[Site "Hastings ENG"]
[Date "2006.01.06"]
[EventDate "2005.12.28"]
[Round "10"]
[Result "1/2-1/2"]
[White "Yuri Kuzubov"]
[Black "Willy Hendriks"]
[WhiteElo "2541"]
[BlackElo "2402"]
[PlyCount "35"]

1. d4 Nf6 2. c4 c5 3. d5 b5 4. cxb5 a6 5. f3 axb5 6. e4 Qa5+
7. Bd2 b4 8. Na3 d6 9. Nc4 Qd8 10. a3 e6 11. axb4 Rxa1
12. Qxa1 exd5 13. exd5 Nxd5 14. Qa8 Be6 15. bxc5 dxc5 16. Ba5
Qc8 17. Ne5 Bd6 18. Bb5+ 1/2-1/2

[Event "Hastings Chess Congress"]
[Site "Hastings ENG"]
[Date "2006.01.06"]
[EventDate "2005.12.28"]
[Round "10"]
[Result "1-0"]
[White "Simon T Ansell"]
[Black "Colin A McNab"]
[WhiteElo "2383"]
[BlackElo "2456"]
[PlyCount "69"]

1. e4 c5 2. Nf3 e6 3. d3 Nc6 4. g3 Nge7 5. Bg2 g6 6. O-O Bg7
7. c3 e5 8. a3 d6 9. b4 a6 10. Nbd2 O-O 11. Rb1 h6 12. Qe2 Rb8
13. Nc4 b5 14. Ne3 a5 15. bxa5 Qxa5 16. Nd5 Nxd5 17. exd5 Ne7
18. Nd2 Qc7 19. Re1 Bd7 20. Nf1 Rbe8 21. Ne3 f5 22. c4 f4
23. Nc2 bxc4 24. dxc4 Nf5 25. Be4 g5 26. Qd3 Nd4 27. Nxd4 exd4
28. Bd2 fxg3 29. fxg3 Kh8 30. Rf1 Rxf1+ 31. Rxf1 Rf8 32. Rxf8+
Bxf8 33. Qf3 Kg7 34. h4 Be7 35. Qh5 1-0

[Event "Hastings Chess Congress"]
[Site "Hastings ENG"]
[Date "2006.01.06"]
[EventDate "2005.12.28"]
[Round "10"]
[Result "1/2-1/2"]
[White "Adam G Ashton"]
[Black "Yves Duhayon"]
[WhiteElo "2331"]
[BlackElo "2233"]
[PlyCount "25"]

1. e4 e5 2. Nf3 Nc6 3. Bb5 Nf6 4. O-O Nxe4 5. Re1 Nd6 6. Nxe5
Nxe5 7. Rxe5+ Be7 8. Nc3 O-O 9. Bd3 c6 10. b3 Ne8 11. Qf3 d5
12. Re2 f5 13. Bb2 1/2-1/2

[Event "Hastings Chess Congress"]
[Site "Hastings ENG"]
[Date "2006.01.06"]
[EventDate "2005.12.28"]
[Round "10"]
[Result "1-0"]
[White "Gudmundur Kjartansson"]
[Black "Dag Madsen"]
[WhiteElo "2257"]
[BlackElo "2301"]
[PlyCount "77"]

1. e4 Nf6 2. e5 Nd5 3. d4 d6 4. Nf3 dxe5 5. Nxe5 c6 6. Be2 Bf5
7. O-O Nd7 8. Nf3 h6 9. a3 e6 10. c4 N5f6 11. Bf4 Nh5 12. Be3
Bd6 13. Nc3 Nf4 14. d5 Nxe2+ 15. Qxe2 cxd5 16. cxd5 e5 17. Nd2
O-O 18. Rfd1 a6 19. Nc4 Qe7 20. b4 Rfc8 21. Na4 Rxc4 22. Qxc4
e4 23. Bc5 Ne5 24. Qc3 Bg4 25. Bxd6 Qxd6 26. Nc5 Bf3 27. gxf3
Nxf3+ 28. Kf1 Re8 29. Ke2 Qxh2 30. d6 e3 31. d7 Qxf2+ 32. Kd3
Rd8 33. Rf1 Qg3 34. Rxf3 Qxf3 35. Qe5 e2+ 36. Kd2 Qf6 37. Qxf6
gxf6 38. Kxe2 b6 39. Rd1 1-0